Normal view MARC view
  • Ramirez, Juan,

Entry Personal Name

Number of records used in: 1

001 - CONTROL NUMBER

  • control field: 38405

003 - CONTROL NUMBER IDENTIFIER

  • control field: OSt

005 - DATE AND TIME OF LATEST TRANSACTION

  • control field: 20150906111244.0

008 - FIXED-LENGTH DATA ELEMENTS

  • fixed length control field: 150906|| aca||aabn | a|a d

040 ## - CATALOGING SOURCE

  • Original cataloging agency: OSt

100 1# - HEADING--PERSONAL NAME

  • Personal name: Ramirez, Juan,
  • Dates associated with a name: 1961-